<?xml version="1.0" encoding="UTF-8"?>
<record
    xmlns:xsi="http://www.w3.org/2001/XMLSchema-instance"
    xsi:schemaLocation="http://www.loc.gov/MARC21/slim http://www.loc.gov/standards/marcxml/schema/MARC21slim.xsd"
    xmlns="http://www.loc.gov/MARC21/slim">

  <leader>03025nam a2200277   4500</leader>
  <controlfield tag="001">ESSALUD</controlfield>
  <controlfield tag="005">20260702105620.0</controlfield>
  <controlfield tag="007">ta</controlfield>
  <controlfield tag="008">      t        pe ||||| |||| 00| 0 spa d</controlfield>
  <datafield tag="040" ind1=" " ind2=" ">
    <subfield code="a">BMG</subfield>
  </datafield>
  <datafield tag="041" ind1=" " ind2=" ">
    <subfield code="a">spa</subfield>
  </datafield>
  <datafield tag="100" ind1=" " ind2=" ">
    <subfield code="a">Valderrama Chevarr&#xED;a, Jos&#xE9; Guillermo</subfield>
    <subfield code="e">Autor</subfield>
    <subfield code="9">47323</subfield>
  </datafield>
  <datafield tag="245" ind1=" " ind2=" ">
    <subfield code="a">Derecho de formalizaci&#xF3;n y derecho de regularizaci&#xF3;n en el sistema registral peruano</subfield>
  </datafield>
  <datafield tag="246" ind1=" " ind2=" ">
    <subfield code="a">Right of formalization and right of regularization within the peruvian registry system</subfield>
  </datafield>
  <datafield tag="300" ind1=" " ind2=" ">
    <subfield code="a">p&#xE1;ginas 177-189</subfield>
  </datafield>
  <datafield tag="520" ind1=" " ind2=" ">
    <subfield code="a">El autor sostiene que el derecho de formalizaci&#xF3;n es aquel que busca validar, garantizar y legalizar derechos reales de &#xED;ndole adquisitiva contenidos en actos jur&#xED;dicos a trav&#xE9;s de la existencia plena y daci&#xF3;n de instrumento p&#xFA;blico de car&#xE1;cter judicial, notarial, administrativo y arbitral; mientras que el derecho de regularizaci&#xF3;n es aquel que busca resguardar la adecuaci&#xF3;n de un derecho prexistente en instrumento p&#xFA;blico para  estatuir, modificar y extinguir un derecho, para posteriormente efectuar nuevas situaciones jur&#xED;dicas bajo el principio mutatis mutandis. Asimismo, refiere que el Registro no es la entidad encargada de declarar la nulidad del acto jur&#xED;dico que se quiere registrar, sino que solo rechaza la inscripci&#xF3;n porque el derecho de formalizaci&#xF3;n, contenido en el instrumento p&#xFA;blico que se pretende inscribir, naci&#xF3; con una patolog&#xED;a de nulidad en su totalidad, que afecta su adecuado desarrollo y vida jur&#xED;dica, conteniendo un fin il&#xED;cito.</subfield>
  </datafield>
  <datafield tag="520" ind1=" " ind2=" ">
    <subfield code="a">The author contends that the right of formalization (derecho de formalizaci&#xF3;n) seeks ta validate, guarantee, and legalize in rem acquisition rights arising from legal acts through the issuance and formal existence of a public instrument (whether judicial, notarial, administrative, or arbitral in nature). In contrast, the right of regularization (derecho de regularizaci&#xF3;n) seeks to ensure the adequacy of a pre-existing right already contained in a public instrument in order to establish, modify, or extinguish a right, subsequently facilitating new legal situations under the principle of mutatis mutandis. Furthermore, the author asserts that the Registry is not the entity empowered to declare the nullity of a legal act presented far recordation; rother, it mere/y denies registration on the grounds that the right of formalization- embodied in the public instrument-was born with a comprehensive legal pathology (invalidity) that hinders its proper legal standing and development, as it pursues an unlawful purpose.</subfield>
  </datafield>
  <datafield tag="650" ind1=" " ind2=" ">
    <subfield code="a">DERECHO DE FORMALIZACI&#xD3;N</subfield>
    <subfield code="9">53097</subfield>
  </datafield>
  <datafield tag="650" ind1=" " ind2=" ">
    <subfield code="a">DERECHO DE REGULARIZACI&#xD3;N</subfield>
    <subfield code="9">53098</subfield>
  </datafield>
  <datafield tag="650" ind1=" " ind2=" ">
    <subfield code="a">CALIFICACI&#xD3;N REGISTRAL</subfield>
    <subfield code="9">53099</subfield>
  </datafield>
  <datafield tag="650" ind1=" " ind2=" ">
    <subfield code="a">RIGHT OF FORMALIZATION</subfield>
    <subfield code="9">53100</subfield>
  </datafield>
  <datafield tag="650" ind1=" " ind2=" ">
    <subfield code="a">RIGHT OF REGULARIZATION</subfield>
    <subfield code="9">53101</subfield>
  </datafield>
  <datafield tag="650" ind1=" " ind2=" ">
    <subfield code="a">REGISTRAR ADDESSMENT</subfield>
    <subfield code="9">53111</subfield>
  </datafield>
  <datafield tag="773" ind1="0" ind2=" ">
    <subfield code="0">22573</subfield>
    <subfield code="9">22621</subfield>
    <subfield code="d">Lima Grupo Praxis Formaci&#xF3;n Profesional, 2026-</subfield>
    <subfield code="o">PRA002</subfield>
    <subfield code="t">Praxis Civil &amp; Procesal Civil</subfield>
    <subfield code="w">ESSALUD</subfield>
    <subfield code="x">3119-7671</subfield>
  </datafield>
  <datafield tag="942" ind1=" " ind2=" ">
    <subfield code="c">ARTICULOS</subfield>
    <subfield code="e">2026-07-01</subfield>
    <subfield code="z">sqb</subfield>
  </datafield>
  <datafield tag="999" ind1=" " ind2=" ">
    <subfield code="c">22611</subfield>
    <subfield code="d">22611</subfield>
  </datafield>
</record>
